Economic theory / (Record no. 41626)

MARC details
000 -LEADER
fixed length control field 00705nam a22002057a 4500
005 - DATE AND TIME OF LATEST TRANSACTION
control field 20100813141335.0
010 ## - LCCN (DPL NO)
LC control number ENG-99979
020 ## - INTERNATIONAL STANDARD BOOK NUMBER
Terms of availability 120.00
035 ## - SYSTEM CONTROL NUMBER
System control number EN-83511
037 ## - SOURCE OF ACQUISITION
Source of stock number/acquisition DBAD/PUB
082 ## - DEWEY DECIMAL CLASSIFICATION NUMBER
Classification number 330.1
100 ## - MAIN ENTRY--PERSONAL NAME
Personal name Thangapandiyan, J.
245 ## - TITLE STATEMENT
Title Economic theory /
Statement of responsibility, etc by J. Thangapandiyan
260 ## - PUBLICATION, DISTRIBUTION, ETC. (IMPRINT)
Place of publication, distribution, etc Erode
Name of publisher, distributor, etc Genius Publications
Date of publication, distribution, etc 2008
270 ## - ADDRESS
Address T/235, Indumethi Complex, Bhavani Main Road, Moolapattarai
City Erode
Postal code 3
300 ## - PHYSICAL DESCRIPTION
Extent 126p.
Dimensions 21cm (pbk)
650 ## - SUBJECT ADDED ENTRY--TOPICAL TERM
Topical term or geographic name as entry element Economics
942 ## - ADDED ENTRY ELEMENTS (KOHA)
Source of classification or shelving scheme Dewey Decimal Classification
Item type English Books
Classification part 330.1
Call number suffix THA
Holdings
Withdrawn status Lost status Not for loan Collection code Home library Current library Date acquired Source of acquisition Cost, normal purchase price Full call number Barcode Copy number Cost, replacement price Koha item type
    Not For Loan Non-fiction D.B.Act.Division D.B.Act.Division 13/08/2010 DBAD/PUB 120.00 330.1 THA EN-83511 1 120.00 English Books

© Delhi Public Library
Hit Counter
free hit counter